NBA TEAMS QUIZZ - Statistiques

Statistiques générales
  • Ce quiz a été pris 580 fois
  • Le résultat moyen est 26 sur 30
Statistiques - réponses
Par images Réponse % Correct
Los Angeles Lakers
99%
Chicago Bulls
98%
Boston Celtics
97%
San Antonio Spurs
97%
Golden State Warriors
94%
Miami Heat
93%
Cleveland Cavaliers
91%
Houston Rockets
91%
Indiana Pacers
90%
Utah Jazz
90%
Milwaukee Bucks
89%
New York Knicks
89%
Toronto Raptors
88%
Charlotte Hornets
87%
Denver Nuggets
87%
Memphis Grizzlies
87%
LA Clippers
86%
Phoenix Suns
86%
Sacramento Kings
86%
Brooklyn Nets
85%
Orlando Magi
85%
New Orleans Pelicans
81%
Atlanta Hawks
80%
Dallas Mavericks
79%
Detroit Pistons
79%
Minnesota Timberwolve
79%
Oklahoma City Thunder
78%
Portland Trail Blazers
75%
Washington Wizards
73%
Philadelphia 76ers
69%
Aucun quiz correspondant
Distribution des résultats
% des personnes avec chaque résultat
Percentile par nombre de réponses
Votre historique - résultats
Vous n’avez pas pris ce quiz